000 01498cam a2200133 4500500
005 20251214002631.0
041 _afre
042 _adc
100 1 0 _aBaty-Delalande, Hélène
_eauthor
245 0 0 _aHistoire littéraire du XXe siècle
260 _bArmand Colin,
_c2016.
520 _aLe XXe siècle est celui des extrêmes, des ambitions les plus vastes comme des soupçons les plus vifs touchant à la littérature. Le temps des avant-gardes et des subversions est aussi celui d’un devenir public de la littérature: jamais on n’a autant lu, écrit et commenté la littérature que durant ce siècle où les violences de l’Histoire mettent à l’épreuve la définition du sujet, de la langue et de l’écriture. Jamais la littérature, comme forme et comme lieu de la vie des idées, n’a été aussi débattue.En proposer une histoire littéraire, c’est dégager de grands moments comme autant de scènes clefs de la vie littéraire, du surréalisme au Nouveau Roman, des élans lyriques aux récentes fictions critiques, et faire mesurer la puissance d’ébranlement d’œuvres majeures, de Proust à Char, de Claudel à Duras. L’enjeu de ce volume, à la fois synthétique et chronologique, est de saisir l’esprit mouvant d’une époque, son rythme, ses élans et ses ruptures, pour restituer le visage contrasté d’un siècle foisonnant
856 4 1 _uhttps://shs.cairn.info/histoire-litteraire-du-xxe-siecle--9782200615376?lang=fr&redirect-ssocas=7080
999 _c1567236
_d1567236